[Event "Titled Tue 1st Oct Late"]
[Site "chess.com INT"]
[Date "2024.10.01"]
[Round "9"]
[White "Anton Guijarro, D."]
[Black "Shankland, S."]
[Result "1-0"]
[WhiteElo "2665"]
[BlackElo "2677"]
[PlyCount "121"]
[EventDate "2024.10.01"]

1. Nf3 d5 2. c4 c6 3. e3 Nf6 4. Nc3 e6 5. b3 Bd6 6. d4 Nbd7 7. Bd3 O-O 8. O-O e5 9. cxd5 cxd5 10. Nb5 Bb8 11. dxe5 Nxe5 12. Nbd4 ({RR} 12. Bb2 Nxf3+ 13. gxf3 Bh3 14. Re1 Ne4 15. f4 Qh4 16. Qf3 Rd8 17. Red1 Bg4 18. Qg2 Ng5 19. Rf1 Bxf4 20. exf4 Nh3+ 21. Kh1 Nxf4 22. Bxh7+ Kxh7 23. Qg3 Qxg3 24. fxg3 Nd3 25. Bd4 Kg6 26. a3 Rac8 {Polugaevsky,L (2605)-Kaidanov,G (2640) Groningen 1993 0-1 (35)}) ({RR} 12. Be2 a6 13. Nbd4 Re8 14. Bb2 Qd6 15. Re1 Ne4 16. Nxe5 Qxe5 17. f4 Qf6 18. Rc1 Qh4 19. Rf1 Ba7 20. Bf3 Nf6 21. g3 Qh3 22. Bg2 Qd7 23. Qd3 Qe7 24. Rfe1 h5 25. h3 Ne4 26. Kh2 Qf6 {Hoffman,A (2355)-Carcamo,M (2084) Mar del Plata ARG 2025 1-0 (43)}) 12... Bg4 13. Bb2 $146 ({RR} 13. Be2 Nxf3+ 14. Bxf3 Bxf3 15. Nxf3 Qe7 16. Bb2 Rd8 17. Qd4 Bd6 18. Rfd1 Bc5 19. Qf4 Ne4 20. Rac1 f6 21. Qf5 Nxf2 22. Kxf2 Bxe3+ 23. Kf1 Bxc1 24. Rxc1 Qe4 25. g4 Qxf5 26. gxf5 Rac8 27. Rxc8 Rxc8 {Strzelecki,J (2145)-Slabicki,A (2037) Polanica Zdroj 2011 ½-½ (60)}) 13... Qc7 14. g3 Re8 15. Be2 Bh3 16. Re1 Ne4 17. Nb5 Qe7 18. Nxe5 Bxe5 19. Bxe5 Qxe5 20. Bg4 Ng5 21. Bxh3 Nxh3+ 22. Kg2 Ng5 23. Qg4 h5 24. Qf4 Qxf4 25. gxf4 Ne6 26. f5 a6 27. Nd6 Red8 28. Nxb7 Rd7 29. fxe6 Rxb7 30. exf7+ Rxf7 31. Rad1 Rf5 32. h4 Rc8 33. Re2 Kf7 34. f4 Ke6 35. Rd4 Rf6 36. Ra4 Rc6 37. Kf3 Rg6 38. Rg2 Rxg2 39. Kxg2 g6 40. Kf3 Kf5 41. Ra5 Ke6 42. b4 Kd6 43. a3 Ke6 44. Ke2 Kf5 45. Rxd5+ Kg4 46. Rg5+ Kxh4 47. e4 Rc2+ 48. Kd3 Rf2 49. Ke3 Ra2 50. e5 Rxa3+ 51. Ke4 Ra1 52. Rxg6 Re1+ 53. Kf5 Rb1 54. e6 Rxb4 55. e7 Rb8 56. Ke6 a5 57. Kf7 a4 58. e8=Q Rxe8 59. Kxe8 a3 60. f5 a2 61. Rg1 1-0

[Event "Titled Tue 1st Oct Late"]
[Site "chess.com INT"]
[Date "2024.10.01"]
[Round "10"]
[White "Martirosyan, Haik M."]
[Black "Anton Guijarro, D."]
[Result "1-0"]
[WhiteElo "2667"]
[BlackElo "2665"]
[PlyCount "141"]
[EventDate "2024.10.01"]

1. Nf3 d5 2. g3 g6 3. Bg2 Bg7 4. O-O e5 5. d3 Ne7 6. Nc3 O-O ({RR} 6... Nbc6 7. e4 dxe4 8. Nxe4 O-O 9. Re1 h6 10. Bd2 b6 11. b4 a6 12. a4 Be6 13. Rb1 Nd4 14. Nxd4 exd4 15. h4 Nd5 16. a5 Qd7 17. f4 f5 18. Nf2 b5 19. h5 gxh5 20. Qxh5 Rae8 21. Qf3 {Caruana,F (2793)-Dominguez Perez,L (2748) Saint Louis USA 2024 ½-½ (90)}) 7. a4 c5 $146 ({RR} 7... h6 8. a5 a6 9. e4 d4 10. Nb1 c5 11. Nbd2 Be6 12. Nc4 Bxc4 13. dxc4 Nbc6 14. Bd2 Nb4 15. Ne1 Nec6 16. c3 dxc3 17. bxc3 Nd3 18. Be3 Nxe1 19. Rxe1 Qe7 20. Qd5 Rfd8 21. Qxc5 Qe6 22. Bf1 {Eljanov,P (2672)-Korchmar,V (2431) chess.com INT 2024 1-0 (34)}) 8. e4 d4 9. Ne2 Nec6 10. Nd2 Be6 11. f4 exf4 12. gxf4 f5 13. e5 Bd5 14. Nc4 Bxg2 15. Kxg2 Qd5+ 16. Kg1 Na6 17. Ng3 Nc7 18. Bd2 b6 19. Qe2 Ne6 20. h4 h5 21. Qh2 Bh6 22. Rf2 Kh7 23. Raf1 Rg8 24. Rg2 Bf8 25. Qh3 Ng7 26. Ne2 Be7 27. Kh2 Nd8 28. Ng1 Nf7 29. Nf3 Nh6 30. Kg1 Ng4 31. Qg3 Ne6 32. Re2 Rab8 33. Qg2 Rgd8 34. b3 Kg7 35. Rfe1 Rb7 36. Qg3 a6 37. a5 b5 38. Nd6 Bxd6 39. exd6 Rxd6 40. Ng5 Nxg5 41. fxg5 Rf7 42. Bf4 Rc6 43. Re8 c4 44. R1e5 Qd7 45. Qf3 cxd3 46. cxd3 Qc7 47. Rd5 Rc1+ 48. Kg2 Rc2+ 49. Kg3 Qc6 50. Rdd8 Qxf3+ 51. Kxf3 Rfc7 52. Bxc7 Rxc7 53. Ra8 Kf7 54. Reb8 Ne5+ 55. Ke2 Rc2+ 56. Kd1 Rc6 57. Rb6 Rc3 58. Raxa6 Rxd3+ 59. Kc2 Rc3+ 60. Kb1 Nd7 61. Rb7 Ke7 62. Raa7 Rxb3+ 63. Ka2 Rc3 64. Rxd7+ Ke6 65. Rxd4 Ke5 66. Rad7 f4 67. R7d5+ Ke6 68. Rxb5 f3 69. Rf4 Re3 70. Rf6+ Kd7 71. a6 1-0

[Event "TCh-SRB Premier 2024"]
[Site "Bajina Basta SRB"]
[Date "2024.10.02"]
[Round "6.1"]
[White "Indjic, A."]
[Black "Hovhannisyan, R."]
[Result "1-0"]
[WhiteElo "2611"]
[BlackElo "2619"]
[PlyCount "107"]
[EventDate "2024.09.27"]
[EventType "team"]
[WhiteTeam "SLOVEN (RUMA)"]
[BlackTeam "NAFTAGAS (ELEMIR)"]

1. Nf3 d5 2. c4 d4 3. b4 c5 4. Bb2 Nf6 5. g3 cxb4 6. Bxd4 Bg4 7. Bb2 Bxf3 8. exf3 e5 $146 ({RR} 8... e6 9. Bg2 Be7 10. O-O O-O 11. d4 Nc6 12. Qd3 a5 13. a4 e5 14. d5 Bc5 15. Rd1 Nd4 16. f4 Ng4 17. fxe5 Nc6 18. dxc6 Nxf2 19. Qxd8 Raxd8 20. Rxd8 Rxd8 21. cxb7 Nd1+ 22. Kf1 Nxb2 23. Nd2 {Seemann,J (2491)-Pogorelskikh,S (2313) Eforie Nord ROU 2025 1-0 (32)}) 9. f4 e4 10. Bg2 Qd3 11. Qe2 Qxe2+ 12. Kxe2 Nc6 13. a3 O-O-O 14. Bxf6 gxf6 15. Bxe4 Nd4+ 16. Kd1 bxa3 17. Ra2 f5 18. Bd3 Bc5 19. Nxa3 Kb8 20. Bb1 h5 21. Nc2 Nxc2 22. Bxc2 h4 23. Bxf5 Bxf2 24. g4 Be3 25. d3 Bxf4 26. Rf1 Bg5 27. Be4 f6 28. Rb2 b6 29. c5 Kc7 30. Ke2 Rb8 31. Rf5 bxc5 32. Rxc5+ Kd6 33. Rbc2 Rhe8 34. Kf3 Rb6 35. Rd5+ Ke6 36. Rd4 Re7 37. Re2 Kf7 38. Bg6+ Kxg6 39. Rxe7 a5 40. Rdd7 Bh6 41. Re8 f5 42. Rg8+ Kf6 43. g5+ Bxg5 44. Rdg7 Bd2 45. Rg6+ Kf7 46. Rxb6 Kxg8 47. Rb5 a4 48. Rb2 Bc1 49. Rc2 Ba3 50. Rc4 Bd6 51. Rxa4 h3 52. Rf4 Kg7 53. Rxf5 Kg6 54. Ke4 1-0

[Event "39th ECC Open 2024"]
[Site "Vrnjacka Banja SRB"]
[Date "2024.10.22"]
[Round "3.5"]
[White "Tabatabaei, M."]
[Black "Stocek, J."]
[Result "1-0"]
[WhiteElo "2702"]
[BlackElo "2501"]
[PlyCount "141"]
[EventDate "2024.10.20"]
[EventType "team"]
[WhiteTeam "Turkish Airlines"]
[BlackTeam "SK JAVES Modra"]

1. Nf3 Nf6 2. g3 d5 3. Bg2 Bf5 4. O-O e6 5. c4 c6 6. Qb3 Qb6 7. d3 Nbd7 8. cxd5 exd5 9. Qc2 Be7 10. Nc3 h6 11. e4 dxe4 12. dxe4 Bh7 13. Be3 ({RR} 13. Qe2 Nc5 14. Nd4 O-O 15. Be3 Rfe8 16. e5 Nfd7 17. e6 fxe6 18. Nxe6 Bd6 19. Nxg7 Kxg7 20. Rad1 Re6 21. Qg4+ Rg6 22. Qd4+ Be5 23. Qxd7+ Nxd7 24. Rxd7+ Kh8 25. Bxb6 axb6 26. Be4 Rg7 27. Rxg7 Kxg7 {Rushbrooke,R (2094)-Omariev,M (2304) chess.com INT 2025 0-1 (41)}) 13... Qa6 14. Rfd1 O-O 15. a4 $146 ({RR} 15. Qb3 Nc5 16. Qb4 Qb6 17. Qc4 Qa6 18. Qxa6 Nxa6 19. e5 Ng4 20. Bd4 f6 21. exf6 Nxf6 22. Re1 Bc5 23. Rad1 Rad8 24. h3 Bb6 25. Bf1 Bxd4 26. Nxd4 Nc5 27. f3 a5 28. Re5 Nfd7 29. Re7 Bg6 {Tokhirjonova,G (2337)-Ezra,P (2232) Saint Louis 2022 1-0 (62)}) 15... Qa5 16. Nd4 Rac8 17. Qe2 Rfe8 18. f4 Nb6 19. Bf2 Bf8 20. e5 Nbd5 21. Nb1 Rcd8 22. Nd2 Qb4 23. Nc4 Bc5 24. Kh1 Nb6 25. Rac1 Bxd4 26. Rxd4 Rxd4 27. Bxd4 Nxa4 28. Bxa7 b5 29. Qd2 Qxd2 30. Nxd2 Rd8 31. Nf3 Ne4 32. Nd4 Nxb2 33. Nxc6 Nd3 34. Ra1 Rd7 35. Kg1 g5 36. Be3 gxf4 37. gxf4 b4 38. Bh3 Rc7 39. Nd4 Rc3 40. e6 Ra3 41. Rxa3 bxa3 42. e7 Nd6 43. Bd7 f6 44. e8=Q+ Nxe8 45. Bxe8 a2 46. Nb3 Kg7 47. Bb5 Ne1 48. Na1 h5 49. Kf2 Nd3+ 50. Ke2 Nb4 51. Bd2 Nd5 52. Bc4 Bg8 53. Bxa2 Nxf4+ 54. Bxf4 Bxa2 55. Nc2 Kg6 56. Ne3 Be6 57. h4 Bc8 58. Kf3 Bb7+ 59. Kg3 Bc6 60. Bc7 Ba4 61. Kf4 Bb3 62. Ba5 Kf7 63. Bc3 Kg6 64. Nf5 Kf7 65. Nd6+ Kg6 66. Ne4 Kf7 67. Nxf6 Kg6 68. Ke5 Bd1 69. Nd5 Bg4 70. Ba5 Kg7 71. Nf6 1-0

[Event "39th ECC Open 2024"]
[Site "Vrnjacka Banja SRB"]
[Date "2024.10.25"]
[Round "6.15"]
[White "Alonso Rosell, A."]
[Black "Ten Hertog, H."]
[Result "1-0"]
[WhiteElo "2550"]
[BlackElo "2516"]
[PlyCount "79"]
[EventDate "2024.10.20"]
[EventType "team"]
[WhiteTeam "C.A. Silla Integrant Col-lectius"]
[BlackTeam "Paul Keres 1"]

1. Nf3 g6 2. g3 Bg7 3. Bg2 d6 4. O-O e5 5. c4 Ne7 6. Nc3 O-O 7. d3 c6 8. e4 ({RR} 8. Bg5 h6 9. Bd2 Be6 10. Rc1 d5 11. cxd5 cxd5 12. a3 Nd7 13. e3 a6 14. Qe2 {½-½ (14) Sanduleac,V (2461)-Badea,B (2530) Subotica 2001}) 8... c5 $146 ({RR} 8... f5 9. exf5 Nxf5 10. Re1 Na6 11. Rb1 Nc5 12. b4 Ne6 13. b5 c5 14. Nd5 Bh6 15. g4 Bxc1 16. gxf5 Nf4 17. Rxc1 Nxd5 18. cxd5 Bxf5 19. Qd2 Qd7 20. a4 Bh3 21. Rc4 Bxg2 22. Kxg2 Qf7 23. Ng5 {Stanec,N (2514)-Schwarz,M (2399) Austria 2006 1-0 (61)}) ({RR} 8... Bg4 9. h3 Bd7 10. d4 Qc8 11. Kh2 Qc7 12. dxe5 dxe5 13. Be3 Na6 14. Qe2 f5 15. Rad1 Rad8 16. Bg5 Be6 17. b3 Rxd1 18. Rxd1 h6 19. Bxe7 Qxe7 20. exf5 Bxf5 21. Ne4 g5 22. Nfd2 Rd8 23. g4 {Munoz Cebey,R (1845)-Recuenco Andres,J (1833) Madrid 2019 0-1 (55)}) 9. a3 Nbc6 10. Rb1 a5 11. Ne1 Bd7 12. Bd2 b6 13. Nc2 a4 14. Ne3 Nd4 15. f4 Nb3 16. Be1 Nc6 17. Nxa4 Rxa4 18. Qxb3 Nd4 19. Qd1 b5 20. Bc3 exf4 21. gxf4 b4 22. axb4 cxb4 23. Bd2 Ra2 24. Kh1 Ba4 25. Qc1 Qb8 26. f5 Nb3 27. Qe1 Rxb2 28. Rxb2 Bxb2 29. Bxb4 Nc1 30. Bd2 Nxd3 31. Qh4 Bc6 32. Ng4 h5 33. f6 hxg4 34. Bh6 Bxf6 35. Qxf6 Qb2 36. Qxd6 Ra8 37. Qxd3 Ra2 38. Qd8+ Kh7 39. Rxf7+ Kxh6 40. Qh4# 1-0

[Event "39th ECC Open 2024"]
[Site "Vrnjacka Banja SRB"]
[Date "2024.10.26"]
[Round "7.2"]
[White "Aravindh, Chithambaram VR."]
[Black "Dardha, Daniel"]
[Result "1-0"]
[WhiteElo "2698"]
[BlackElo "2604"]
[PlyCount "83"]
[EventDate "2024.10.20"]
[EventType "team"]
[WhiteTeam "Alkaloid"]
[BlackTeam "C'Chartres Echecs"]

1. Nf3 d5 2. g3 g6 3. Bg2 Bg7 4. O-O e5 5. d3 Nc6 6. Nc3 Nge7 7. e4 dxe4 8. dxe4 Bg4 9. Be3 Nd4 10. Bxd4 exd4 11. Ne2 Nc6 12. Nf4 h5 $146 ({RR} 12... O-O 13. h3 Bxf3 14. Bxf3 Ne5 15. Bg2 h5 16. h4 Qd6 17. Nd3 Qb6 18. Nxe5 Bxe5 19. Qd3 Bg7 20. f4 c5 21. b3 Qa6 22. Qxa6 bxa6 23. e5 Rad8 24. Be4 Rfe8 25. Bd3 a5 26. Kg2 Re7 27. Rae1 {Dubov,D (2708)-Sadhwani,R (2627) chess.com INT 2023 1-0 (42)}) 13. h3 Bxf3 14. Qxf3 h4 15. Nd3 Ne5 16. Nxe5 Bxe5 17. Qb3 O-O 18. f4 Bg7 19. e5 d3 20. Rad1 Qd4+ 21. Kh1 d2 22. gxh4 Rad8 23. h5 gxh5 24. Qf3 Rfe8 25. Qe2 h4 26. Be4 Kf8 27. c3 Qd7 28. Rf3 Bh6 29. b3 Bxf4 30. Rxf4 Qxh3+ 31. Qh2 Qxh2+ 32. Kxh2 Rxe5 33. Rxh4 Rd6 34. Kg3 Rde6 35. Bxb7 Re3+ 36. Bf3 Rd3 37. Rd4 Rg6+ 38. Kf2 Rxc3 39. R1xd2 Rf6 40. R4d3 Rc1 41. Ke2 c5 42. Bd5 1-0

[Event "39th ECC Open 2024"]
[Site "Vrnjacka Banja SRB"]
[Date "2024.10.26"]
[Round "7.3"]
[White "Nihal, Sarin"]
[Black "Korobov, A."]
[Result "1-0"]
[WhiteElo "2668"]
[BlackElo "2660"]
[PlyCount "169"]
[EventDate "2024.10.20"]
[EventType "team"]
[WhiteTeam "Turkish Airlines"]
[BlackTeam "Bayegan Pendik Chess Sports Club"]

1. Nf3 d5 2. e3 Nf6 3. b3 Bg4 4. Bb2 e6 5. h3 Bxf3 6. Qxf3 Nbd7 ({RR} 6... a5 7. a3 a4 8. b4 c5 9. bxc5 Bxc5 10. Bb5+ Nc6 11. O-O O-O 12. Nc3 Qb6 13. Rfb1 d4 14. Bxa4 dxc3 15. Bxc3 Qa7 16. Bxc6 bxc6 17. Bxf6 gxf6 18. Qxf6 Qe7 19. Qf3 Rfc8 20. a4 Qc7 21. Rb3 {Caruana,F (2766)-Keymer,V (2690) chess.com INT 2023 ½-½ (113)}) 7. g3 ({RR} 7. g4 Be7 8. g5 Ne4 9. h4 O-O 10. d3 Nd6 {½-½ (10) Khachiyan,M (2435)-Shlyakhtenko,R (2402) Temecula USA 2024}) 7... Bd6 8. Bg2 a5 $146 ({RR} 8... O-O 9. O-O c6 10. d3 a5 11. a4 Qc7 12. Nd2 b5 13. e4 b4 14. Rae1 Rfe8 15. Qd1 e5 16. Nf3 Rad8 17. Qa1 g6 18. Re2 Re7 19. Rfe1 Rde8 20. Qc1 Kg7 21. Nh4 h6 22. Qd2 Nc5 23. f4 {Syska,A (2275)-Meyer,F Germany 1992 0-1 (61)}) 9. a3 O-O 10. O-O c6 11. Qd1 Qe7 12. d3 Be5 13. c3 Ne8 14. e4 dxe4 15. dxe4 a4 16. b4 Bf6 17. Nd2 Nd6 18. Qc2 b5 19. c4 Bxb2 20. Qxb2 Nxc4 21. Nxc4 bxc4 22. Rfc1 c5 23. Rxc4 Rab8 24. Rb1 h5 25. h4 Rb6 26. Qc3 Rfb8 27. e5 cxb4 28. Rbxb4 Rxb4 29. axb4 Nb6 30. Rc7 Qd8 31. b5 g6 32. Ra7 Nc8 33. Ra6 Nb6 34. Qc5 Qd1+ 35. Kh2 Qd8 36. Bc6 Kg7 37. Kg2 Qc7 38. Qd4 Qe7 39. Rxb6 Qa7 40. Rxb8 Qxd4 41. b6 Qxe5 42. Rc8 a3 43. b7 a2 44. Ra8 a1=Q 45. Rxa1 Qxa1 46. b8=Q Qd4 47. Qb7 Qf6 48. Qb4 Qe5 49. Qe7 Qd4 50. Qg5 Qc3 51. Be4 Qd4 52. Bf3 Kf8 53. Qe3 Qb2 54. Bc6 Kg7 55. Qa7 Qe5 56. Be8 Qf6 57. Qc5 Kg8 58. Qd6 Kg7 59. Qf4 Qe7 60. Qe5+ Kg8 61. Bc6 Qd8 62. Bf3 Qd3 63. Be4 Qe2 64. Qd4 Qe1 65. Kf3 Qc1 66. Ke2 Qc7 67. Qf6 Qc4+ 68. Kf3 Qb4 69. Bd3 Qb7+ 70. Ke3 Qd5 71. Qg5 Qb3 72. Qd8+ Kg7 73. Qd4+ Kg8 74. Kf4 Qb7 75. Be4 Qc7+ 76. Kf3 Qe7 77. Qc3 Qd8 78. Qc5 Qd1+ 79. Kg2 Qe2 80. Qc8+ Kh7 81. Bf3 Qe5 82. Qf8 Qc7 83. Be4 Qa7 84. Bc6 Qc7 85. Be8 1-0

[Event "Titled Tue 22nd Oct Early"]
[Site "chess.com INT"]
[Date "2024.10.22"]
[Round "8"]
[White "Kazakouski, Valery"]
[Black "Gustafsson, J."]
[Result "1-0"]
[WhiteElo "2557"]
[BlackElo "2604"]
[PlyCount "97"]
[EventDate "2024.10.22"]

1. Nf3 d5 2. c4 dxc4 3. g3 Nc6 4. Qa4 e5 5. Nc3 Bd6 6. Qxc4 Nf6 7. Bg2 O-O 8. O-O Be6 9. Qa4 h6 10. d3 a6 $146 ({RR} 10... Qd7 11. Rd1 a6 12. Qc2 Nd4 13. Nxd4 exd4 14. Ne4 Ne8 15. Nxd6 Nxd6 16. Qc5 b6 17. Qxd4 c5 18. Qc3 Nb5 19. Qd2 Bd5 {½-½ (19) Demeter,I (2068)-Adam,Z (1918) Eger 2008}) 11. Bd2 Re8 12. Rfc1 Qd7 13. a3 Rad8 14. b4 Bh3 15. Be3 Bxg2 16. Kxg2 e4 17. Nxe4 Nxe4 18. dxe4 Rxe4 19. Qc2 Rde8 20. Rd1 Qe6 21. Qa2 Qg6 22. Rac1 h5 23. Qc2 Be7 24. Nd4 Nxd4 25. Rxd4 Bd6 26. Rxe4 Rxe4 27. Qd3 h4 28. f3 Re6 29. Qxg6 Rxg6 30. Bf2 hxg3 31. hxg3 f5 32. Rc4 Re6 33. Kf1 Kf7 34. g4 g6 35. gxf5 gxf5 36. e4 fxe4 37. Rxe4 Rxe4 38. fxe4 Ke6 39. Ke2 a5 40. bxa5 Bxa3 41. Be1 c5 42. Kd3 Ke5 43. Bc3+ Ke6 44. Kc4 Kd6 45. Kb5 Kd7 46. e5 Bc1 47. Kb6 Bf4 48. Kxb7 c4 49. a6 1-0

[Event "Titled Tue 22nd Oct Early"]
[Site "chess.com INT"]
[Date "2024.10.22"]
[Round "9"]
[White "Carlsen, M."]
[Black "Aronian, L."]
[Result "1-0"]
[WhiteElo "2831"]
[BlackElo "2738"]
[PlyCount "83"]
[EventDate "2024.10.22"]

1. Nf3 d5 2. g3 Nf6 3. Bg2 e6 4. O-O Be7 5. d3 O-O 6. a4 b6 ({RR} 6... a5 7. Bf4 Bd6 8. Bxd6 Qxd6 9. Nc3 e5 10. e4 d4 11. Nb5 Qe7 12. c3 dxc3 13. bxc3 Rd8 14. Qc2 Ra6 15. d4 exd4 16. e5 Nd5 17. Nfxd4 Rh6 18. Rfe1 Nc6 19. Rad1 Nxd4 20. Nxd4 c6 21. e6 {Andreikin,D (3098)-Makarian,R (2927) Chess.com 2024 1-0 (39)}) ({RR} 6... c5 7. e4 Nc6 8. Qe2 Qc7 9. Nc3 d4 10. Nb5 Qd8 11. e5 Nd5 12. h4 a6 13. Na3 b5 14. Bd2 Rb8 15. Ng5 h6 16. Nh3 Bd7 17. Nf4 Nxf4 18. Bxf4 Nb4 19. Qg4 Kh8 20. Qh5 Bc6 21. Bxc6 {Carlsen,M (2832)-Gokerkan,C (2512) chess.com INT 2024 1-0 (40)}) 7. Nbd2 $146 ({RR} 7. a5 a6 8. b3 Bb7 9. Bb2 b5 10. Nbd2 c5 11. c4 Nc6 12. d4 dxc4 13. bxc4 Nxa5 14. dxc5 Nxc4 15. Nxc4 bxc4 16. Qc2 Bd5 17. Ng5 g6 18. e4 Bc6 19. Rfd1 Qc7 20. Qxc4 Bb5 21. Qc3 Rac8 {Kosteniuk,A (2501)-Nikitina,E (1998) FIDE Online Arena INT 2024 1-0 (48)}) 7... Bb7 8. Re1 Nbd7 9. e4 dxe4 10. dxe4 Nc5 11. e5 Nd5 12. Nd4 a5 13. Ne4 Rb8 14. Qg4 Kh8 15. Nxc5 Bxc5 16. Nb3 f5 17. Qe2 Be7 18. Rd1 Qe8 19. Nd4 Bc5 20. Nb3 Be7 21. c4 Nb4 22. Bxb7 Rxb7 23. Bd2 Nc6 24. Bc3 Rb8 25. Qf3 Bc5 26. Nxc5 bxc5 27. Rd2 Nd4 28. Bxd4 cxd4 29. Rxd4 Rxb2 30. Rad1 Qxa4 31. c5 Qe8 32. Rd7 Rb1 33. c6 Rxd1+ 34. Qxd1 Qb8 35. Kg2 h6 36. Qd4 Rg8 37. Qc4 Qb6 38. Qxe6 a4 39. Qd5 a3 40. e6 Qb1 41. e7 a2 42. Qxg8+ 1-0

[Event "ch-RUS Blitz 2024"]
[Site "Sochi RUS"]
[Date "2024.10.14"]
[Round "9.2"]
[White "Ponkratov, P."]
[Black "Vetokhin, Savva"]
[Result "1-0"]
[WhiteElo "2564"]
[BlackElo "2502"]
[PlyCount "139"]
[EventDate "2024.10.14"]
[EventType "blitz"]

1. Nf3 Nf6 2. g3 d5 3. Bg2 c5 4. O-O g6 5. c4 Bg7 6. Qa4+ Nc6 7. Ne5 Qd6 8. cxd5 Nxd5 9. Nc4 Qd8 10. Nc3 e6 11. Qb5 O-O $146 ({RR} 11... a6 12. Qb3 b5 13. Ne3 Nd4 14. Qd1 Bb7 15. Nexd5 exd5 16. e3 Ne6 17. Qf3 Ng5 18. Qe2 O-O 19. f4 Ne4 20. f5 b4 21. Nxe4 dxe4 22. Qc4 Qe7 23. d3 gxf5 24. Rxf5 exd3 25. Bxb7 Qxb7 26. Bd2 {Ponkratov,P (2564)-Vetokhin,S (2502) Sochi RUS 2024 ½-½ (67)}) 12. Qxc5 Ndb4 13. d3 b6 14. Qd6 Ba6 15. Qxd8 Raxd8 16. Bg5 f6 17. Be3 Nd4 18. Bxd4 Rxd4 19. a3 Bxc4 20. axb4 Bb3 21. Ra3 Rxb4 22. Rxa7 f5 23. Rc1 Rf7 24. Ra6 Rc7 25. e3 Bf8 26. d4 Bc4 27. Ra8 Rxb2 28. d5 Kg7 29. Rd1 exd5 30. Nxd5 Bxd5 31. Bxd5 Rbc2 32. Rb8 Bc5 33. Bb3 Rb2 34. Be6 Re7 35. Bd5 Rd7 36. Rb7 Rxb7 37. Bxb7 Kf6 38. Rd7 Be7 39. Bc6 b5 40. Rb7 b4 41. Bd5 Rd2 42. Bg8 h6 43. Kg2 Bc5 44. Kf3 Be7 45. h4 g5 46. h5 g4+ 47. Kg2 Bc5 48. Kf1 Rb2 49. Rf7+ Ke5 50. Bh7 b3 51. Rxf5+ Kd6 52. Rf6+ Ke5 53. Rxh6 Ra2 54. Rc6 Kd5 55. Rc8 Ra1+ 56. Kg2 b2 57. Rb8 Ba3 58. Bg6 Rc1 59. h6 Be7 60. Rxb2 Bf6 61. Rb6 Ke5 62. Bh5 Kf5 63. Bxg4+ Kg5 64. Bf3 Rc8 65. h7 Re8 66. Be2 Rd8 67. f4+ Kg6 68. Kf3 Kg7 69. Bd3 Rd7 70. Rb8 1-0

[Event "ch-RUS Rapid 2024"]
[Site "Sochi RUS"]
[Date "2024.10.15"]
[Round "3.2"]
[White "Ponkratov, P."]
[Black "Novikov, St1"]
[Result "1-0"]
[WhiteElo "2564"]
[BlackElo "2518"]
[PlyCount "85"]
[EventDate "2024.10.15"]
[EventType "rapid"]

1. Nf3 Nf6 2. g3 g6 3. b3 Bg7 4. Bb2 O-O 5. Bg2 c5 6. O-O d5 7. e3 Nc6 8. d4 Ne4 9. Nbd2 Bg4 10. h3 Nxd2 11. Qxd2 Bxf3 12. Bxf3 cxd4 13. exd4 e6 14. Rad1 b5 $146 ({RR} 14... Rc8 15. c4 dxc4 16. bxc4 Na5 17. c5 Nc4 18. Qb4 Nxb2 19. Qxb2 Rxc5 20. Qxb7 Bxd4 21. Qxa7 Qf6 22. Qd7 Rd8 23. Qa4 Rc3 24. Bg2 Rxg3 25. Rxd4 Rxg2+ 26. Kxg2 Rxd4 27. Qa8+ Kg7 28. a4 Qg5+ 29. Kh1 {Kleibel,U (2302)-Novik,M (2399) chess.com INT 2024 0-1 (35)}) 15. c4 bxc4 16. bxc4 Na5 17. cxd5 Nc4 18. Qe2 Nxb2 19. Qxb2 exd5 20. Qb7 Qb6 21. Rb1 Qxb7 22. Rxb7 Bxd4 23. Rd1 Bb6 24. Rxd5 Rad8 25. a4 h5 26. Kf1 Kg7 27. g4 hxg4 28. hxg4 Rxd5 29. Bxd5 Kf6 30. Kg2 g5 31. Kg3 Kg6 32. Bc4 Kf6 33. f4 gxf4+ 34. Kxf4 Kg6 35. Bb3 Bc5 36. Rd7 Bb6 37. Rb7 Kf6 38. g5+ Kg6 39. Kg4 Be3 40. Bc2+ f5+ 41. Kf3 Bb6 42. Kf4 Rf7 43. Rxf7 1-0

[Event "ch-RUS Rapid 2024"]
[Site "Sochi RUS"]
[Date "2024.10.15"]
[Round "5.1"]
[White "Afanasiev, Nikita"]
[Black "Khegay, D."]
[Result "1-0"]
[WhiteElo "2533"]
[BlackElo "2507"]
[PlyCount "81"]
[EventDate "2024.10.15"]
[EventType "rapid"]

1. Nf3 d5 2. g3 Nf6 3. Bg2 c5 4. O-O e6 5. c4 d4 6. e3 Nc6 7. exd4 cxd4 8. d3 Bd6 9. Bg5 h6 10. Bxf6 Qxf6 11. Nbd2 Qe7 12. Re1 O-O 13. a3 a5 14. Rc1 Rd8 15. Ne4 Bc7 16. c5 e5 ({RR} 16... Bd7 17. Qe2 a4 18. Nfd2 Na5 19. f4 Bc6 20. Qd1 Ra6 21. Qc2 Qd7 22. Re2 f5 23. Nf2 Bxg2 24. Kxg2 Qd5+ 25. Kf1 Nb3 26. Nxb3 axb3 27. Qd1 Ra4 28. Re1 g6 29. Qe2 Re8 30. Rc4 Rxc4 31. dxc4 {Gorovets,A (2465)-Zhakshylykov,E (2295) Moscow RUS 2025 ½-½ (53)}) 17. Nfd2 Be6 18. Nc4 Bd5 19. Ned6 $146 ({RR} 19. Ncd6 Bxd6 20. Nxd6 Qe6 21. Bxd5 Qxd5 22. Nxb7 Rdb8 23. Nd6 Rb3 24. Nc4 Rab8 25. Nb6 Qe6 26. Re2 f6 27. Rc4 a4 28. Rxa4 h5 29. h4 f5 30. Rc4 Na5 31. Rxd4 Rxb2 32. Rxb2 exd4 33. Re2 Qc6 {Magold,F (2314)-Nastore,P (2180) Eforie Nord ROU 2023 1-0 (42)}) 19... Bxg2 20. Kxg2 Bxd6 21. Nxd6 Rab8 22. Qf3 Qd7 23. h4 b6 24. Nf5 b5 25. Qg4 g6 26. Nxh6+ Kg7 27. Qxd7 Rxd7 28. Ng4 Rd5 29. f4 exf4 30. gxf4 b4 31. Ne5 Ne7 32. c6 bxa3 33. bxa3 Rd6 34. Nc4 Re6 35. Rxe6 fxe6 36. c7 Rb3 37. Kf3 Rxd3+ 38. Ke4 Rh3 39. Kxd4 Rxh4 40. Ke5 Kf8 41. Nd6 1-0

[Event "TCh-RUS Blitz 2024"]
[Site "Sochi RUS"]
[Date "2024.10.17"]
[Round "9.13"]
[White "Afanasiev, Nikita"]
[Black "Demidov, M."]
[Result "1-0"]
[WhiteElo "2533"]
[BlackElo "2549"]
[PlyCount "143"]
[EventDate "2024.10.17"]
[EventType "blitz"]
[WhiteTeam "Kuban (Krasnodarskiy kray)"]
[BlackTeam "GBU DO MGFSO (Moskva)"]

1. Nf3 d5 2. e3 Nf6 3. c4 e6 4. b3 Be7 5. Bb2 O-O 6. Nc3 c5 7. cxd5 exd5 8. d4 Nc6 9. Bb5 cxd4 ({RR} 9... Bg4 10. Bxc6 bxc6 11. dxc5 Bxc5 12. O-O Bd6 13. Ne2 Ne4 14. Ne5 Bxe5 15. Bxe5 Re8 16. Bb2 Qg5 17. Qe1 Bxe2 18. Qxe2 Re6 19. Rac1 Rae8 20. Bd4 Qh4 21. f3 Nd6 22. Bxa7 Nf5 23. Qf2 Qh5 24. Rfe1 {Alekseev,E (2573)-Tomashevsky,E (2694) chess.com INT 2023 1-0 (68)}) ({RR} 9... Bg4 10. Bxc6 bxc6 11. h3 Bh5 12. Ne2 cxd4 13. Nfxd4 Bb4+ 14. Kf1 Rc8 15. Rc1 Qd7 16. g4 Bg6 17. Ng3 Rfe8 18. Ndf5 Bf8 19. Kg2 Ne4 20. Nxe4 Rxe4 21. Ng3 Ree8 22. Qf3 Bd6 23. Rhd1 a6 24. Rd2 {Kukhmazov,A (2469)-Truskavetsky,A (2339) chess.com INT 2025 1-0 (68)}) 10. Nxd4 Ne5 $146 ({RR} 10... Nxd4 11. Qxd4 a6 12. Be2 b5 13. O-O Bb7 14. Bf3 Rc8 15. Rad1 Bc5 16. Qd3 Qa5 17. Nxd5 Nxd5 18. Bxd5 Bxd5 19. Qxd5 Qxa2 20. Bxg7 Kxg7 21. Qg5+ Kh8 22. Qf6+ Kg8 23. Rd5 h6 24. Qxh6 f5 25. Qg6+ {Quintiliano Pinto,R (2469)-Zhao,E (2039) Chess.com INT 2020 1-0}) 11. Be2 a6 12. Nf3 Nc6 13. O-O Bd6 14. g3 Bc7 15. Rc1 Qd6 16. a3 Bh3 17. Re1 Rad8 18. Na4 Ne4 19. b4 Qh6 20. Nc5 Bc8 21. Qc2 Nxc5 22. Qxc5 Bd6 23. Qc2 Bg4 24. Nd4 Nxd4 25. Bxd4 Rc8 26. Qa2 Bxe2 27. Qxe2 Qe6 28. Qd3 Rc4 29. Rcd1 Be7 30. Rd2 Rfc8 31. Bb2 h6 32. Red1 Rd8 33. Qb3 Qc6 34. Qd3 Qe6 35. Qe2 Qe4 36. Rd4 Qe6 37. Qd3 Rxd4 38. Bxd4 Bf6 39. Bc5 Qe4 40. Qd2 h5 41. Bd4 Bxd4 42. Qxd4 Qxd4 43. Rxd4 Kf8 44. e4 Ke7 45. exd5 Kd6 46. Kg2 Ke5 47. Rc4 Rd7 48. Rc5 Ke4 49. h4 g6 50. Kf1 Kd3 51. d6 Rxd6 52. Rc7 Rf6 53. Rxb7 Kc3 54. a4 Kb3 55. a5 Ka4 56. Rb6 Rf5 57. Ke2 Rb5 58. Rxa6 Kxb4 59. Rf6 Rb7 60. a6 Ra7 61. Ke3 Kc5 62. Ke4 Re7+ 63. Kf4 Kd5 64. Kg5 Ke5 65. Rb6 Ra7 66. Rb7 Rxa6 67. Rxf7 Rb6 68. Rg7 Ke4 69. Rxg6 Rb5+ 70. Kh6 Rf5 71. f4 Kf3 72. Rg5 1-0